Murci - JHAYCO - Estadísticas

Estadísticas generales
  • Esta prueba ha sido intentada 20 veces
  • La puntuación promedio es 230 de 479
Estadísticas de respuestas
Letras % Correcto
la
92%
se
92%
y
92%
a
85%
el
85%
en
85%
Luces
85%
o
85%
pa'
85%
parece
85%
que
85%
85%
si
85%
te
85%
techo
85%
inglés
77%
quiero
77%
un
77%
yo
77%
de
69%
hablen
69%
las
69%
lo
69%
los
69%
mujeres
69%
no
69%
Taylor Swift
69%
me
62%
pero
62%
una
62%
va
62%
baby
54%
como
54%
es
54%
le
54%
mi
54%
Rockstar
54%
tu
54%
54%
Vida
54%
del
46%
Doja Cat
46%
ella
46%
llover
46%
pongo
46%
three
46%
beef
38%
di
38%
eso
38%
ey
38%
fer
38%
fue
38%
fueron
38%
hijo
38%
jedi
38%
LIV
38%
luci
38%
mandamientos
38%
my
38%
pecar
38%
Phantom
38%
responde
38%
Rolex
38%
sabe
38%
segunda
38%
sigue
38%
speaker
38%
tengo
38%
vez
38%
Wow
38%
wow
38%
12
31%
24
31%
adentro
31%
Barbie
31%
brinca
31%
buscamos
31%
casa
31%
ching0
31%
Chris
31%
compré
31%
con
31%
cuando
31%
días
31%
dije
31%
dime
31%
Duracell
31%
echo
31%
eleven
31%
está
31%
estás
31%
habla
31%
hablando
31%
hacer
31%
hundred
31%
indique
31%
Kobe
31%
llamando
31%
llamarte
31%
lobby
31%
m1erda
31%
mama
31%
mamar
31%
mes
31%
Miami
31%
ni
31%
otra
31%
otro
31%
por
31%
somos
31%
son
31%
tener
31%
Thunder
31%
tiene
31%
todavía
31%
Tropic
31%
Uber
31%
ustedes
31%
vivo
31%
8
23%
b1tch
23%
bad
23%
bajarme
23%
Bratz
23%
Brickell
23%
c4brón
23%
Chief
23%
comedia
23%
cree
23%
frente
23%
gafas
23%
hables
23%
hago
23%
horas
23%
Keef
23%
lucifer
23%
n1gg4s
23%
nota
23%
ponemos
23%
ponga
23%
prra
23%
puñeta
23%
put4
23%
quién
23%
Royce
23%
saludo
23%
siempre
23%
soy
23%
treinta
23%
trinidad
23%
vas
23%
Wonder
23%
ya
23%
anda
15%
ángel
15%
atender
15%
bebecita
15%
bebo
15%
bill
15%
c4brones
15%
cierren
15%
cubana
15%
disco
15%
diss
15%
Epic
15%
hobby
15%
homophobic
15%
huele
15%
iglesia
15%
llámala
15%
llámame
15%
metimos
15%
oh
15%
ojos
15%
Ovy
15%
para
15%
parecen
15%
pues
15%
Sofitel
15%
solo
15%
Stevie
15%
tienen
15%
todas
15%
ver
15%
vibrando
15%
zipper
15%
abri
8%
Addys
8%
all
8%
aunque
8%
bestia
8%
bisexual
8%
brillando
8%
bunny
8%
búscame
8%
Chequéate
8%
clique
8%
cogimos
8%
cuello
8%
Draco
8%
duros
8%
esa
8%
ese
8%
estaba
8%
estamos
8%
esto
8%
estoy
8%
Ferrari
8%
glitch
8%
god
8%
hijueput4
8%
home
8%
Jori
8%
Kiss
8%
Lion
8%
llamaron
8%
Lyft
8%
muchos
8%
nah
8%
noche
8%
Nova
8%
obli'
8%
payment
8%
peach
8%
preach
8%
rifle
8%
Robi
8%
siente
8%
suman
8%
t0t0
8%
tiempos
8%
tírale
8%
todo
8%
uso
8%
voy
8%
White
8%
Bentley
0%
cuánto
0%
da
0%
diablo
0%
dice
0%
doy
0%
trinta
0%
No se encontraron pruebas coincidentes
Distribución de puntuación
Porcentaje de gente con cada puntuación
Porcentaje por número respondido
Historial de tus puntuaciones
No has intentado esta prueba.